| 000 | 01738nas a2200301 i 4500 | ||
|---|---|---|---|
| 005 | 20251113110752.0 | ||
| 007 | ta | ||
| 008 | 250529e2022 dr bn|p|r||||||0| | spa d | ||
| 040 |
_cDO _aDO-SdBNP _bspa _dDO-SdBNP _erda |
||
| 041 | _aspa | ||
| 110 |
_aCanal Señales TV _9110786 |
||
| 245 |
_aSeñales TV / _cCanal Señales TV. |
||
| 264 |
_aSanto Domingo, República Dominicana : _bCanal Señales TV, _c2022. |
||
| 300 |
_avolumen : _bilustraciones, fotografías ; _c28 cm. |
||
| 310 | _aBimensual. | ||
| 336 |
_atexto _btxt _2rdacontent |
||
| 337 |
_asin mediación _bn _2rdamedia |
||
| 338 |
_avolumen _bnc _2rdacarrier |
||
| 362 | _aAño 1, Mayo-Junio, Número 2, 2022. | ||
| 500 | _aEdición especial Mayo-Junio 2022. | ||
| 500 | _aSeñales TV es un canal para construir. Para entretener con calidad y con amor. | ||
| 505 | _aOctavo Aniversario. | ||
| 520 | _aEs un canal de televisión dominicano con una opción diferente para entretener, educar y orientar a través de los mejores valores. Es una oferta televisiva para sembrar valores a través de contenidos televisivos novedosos, atractivos, impactantes y que puedan sumar a la sociedad. En este momento donde se ha invertido el orden de las cosas en todos los órdenes, incluida la comunicación y los medios, queremos sembrar valores a través de una programación divertida, llena de contenidos diversos, donde el televidente encuentre un poco de todo, pero lleno siempre de un buen mensaje y de un sentido de compromiso y amor por los demás y por la sociedad. | ||
| 650 | 0 |
_aTelevisión _vPublicaciones periódicas _zRepública Dominicana _953595 |
|
| 655 | 0 |
_aPublicaciones periódicas _987420 |
|
| 856 | _uhttps://senalestv.com/revista/ | ||
| 942 |
_2udc _cISSUE |
||
| 999 |
_c59110 _d59110 |
||